000 00305nam a2200121Ia 4500
008 240624s9999 xx 000 0 und d
041 _aeng
082 _a332.63 CON
100 _aCONT RAMA
245 _aENCYCLOPEDIA OF QUANTITATIVE FINANCE I
260 _c2010
_aSussex
_bJohn Wiley
_ Sons
365 _c
_b27
999 _c18404
_d18404